Seventh CANMET/ACI International Conference on Recent Advances in Concrete Technology / (Record no. 843)

000 -LEADER
fixed length control field 00472 a2200133 4500
020 ## - INTERNATIONAL STANDARD BOOK NUMBER
International Standard Book Number 0870311476
082 ## - DEWEY DECIMAL CLASSIFICATION NUMBER
Classification number 620.136 ACI
100 ## - MAIN ENTRY--PERSONAL NAME
Personal name Edited by Malhotra,V.M.
245 ## - TITLE STATEMENT
Title Seventh CANMET/ACI International Conference on Recent Advances in Concrete Technology /
Statement of responsibility, etc. editor, V. Mohan Malhotra.
260 ## - PUBLICATION, DISTRIBUTION, ETC.
Place of publication, distribution, etc. Farmington Hills, Mich. :
Name of publisher, distributor, etc. American Concrete Institute,
Date of publication, distribution, etc. c2004.
300 ## - PHYSICAL DESCRIPTION
Extent vi, 242 p. :
Other physical details ill. ;
Dimensions 23 cm.
650 ## - SUBJECT ADDED ENTRY--TOPICAL TERM
Topical term or geographic name entry element Concrete
650 ## - SUBJECT ADDED ENTRY--TOPICAL TERM
Topical term or geographic name entry element Concrete
General subdivision Additives
830 #0 - SERIES ADDED ENTRY--UNIFORM TITLE
Uniform title Publication SP ;
Holdings
Withdrawn status Lost status Damaged status Not for loan Permanent Location Current Location Shelving location Date acquired Total Checkouts Full call number Barcode Date last seen Price effective from Koha item type
        School of Civil and Environmental Engineering (SCEE) School of Civil and Environmental Engineering (SCEE)       620.136 ACI NIT-2368 01/05/2017 01/05/2017 Book
        School of Civil and Environmental Engineering (SCEE) School of Civil and Environmental Engineering (SCEE)         NIT-713 01/05/2017 01/05/2017 Book
© 2023 Central Library, National University of Sciences and Technology. All Rights Reserved.